Loại một số hợp chất cacbon hữu cơ trong nước bằng vật liệu tự chế và nhựa : Luận văn tốt nghiệp đại học, chuyên ngành môi trường và quản lý tài nguyên thiên nhiên

Đề tài nghiên cứu việc sử dụng khối bê tông và cuốn nhựa có lớp màng sinh học để loại bỏ phenol trong nước thải

Bewaard in:
Bibliografische gegevens
Hoofdauteur: Võ, Thị Ngọc Liên
Coauteurs: Bộ Giáo dục và Đào tạo, Trường Đại học Cần Thơ. Khoa Nông nghiệp và sinh học ứng dụng
Formaat: Boek
Taal:Undetermined
Gepubliceerd in: Cần Thơ Trường Đại học Cần Thơ 2005
Onderwerpen:
Tags: Voeg label toe
Geen labels, Wees de eerste die dit record labelt!
Thư viện lưu trữ: Trung tâm Học liệu Trường Đại học Cần Thơ
LEADER 01277nam a2200241Ia 4500
001 CTU_143405
008 210402s9999 xx 000 0 und d
082 |a 628.4 
082 |b L305l 
100 |a Võ, Thị Ngọc Liên 
110 |a Bộ Giáo dục và Đào tạo 
110 |b Trường Đại học Cần Thơ. Khoa Nông nghiệp và sinh học ứng dụng 
245 0 |a Loại một số hợp chất cacbon hữu cơ trong nước bằng vật liệu tự chế và nhựa : 
245 0 |b Luận văn tốt nghiệp đại học, chuyên ngành môi trường và quản lý tài nguyên thiên nhiên 
245 0 |c Võ Thị Ngọc Liên; Lê Anh Kha (giáo viên hướng dẫn) 
260 |a Cần Thơ 
260 |b Trường Đại học Cần Thơ 
260 |c 2005 
520 |a Đề tài nghiên cứu việc sử dụng khối bê tông và cuốn nhựa có lớp màng sinh học để loại bỏ phenol trong nước thải 
650 |a Factory and trade waste,Wastewaters,Nhà máy và rác thải 
650 |x Purification,Lọc nước 
904 |i Năm 
980 |a Trung tâm Học liệu Trường Đại học Cần Thơ